000 00688nam a2200265Ia 4500
005 20260121165400.0
008 008 260114s9999 xx 000 0 eng d
020 _a9789811024511
037 _aEBOOK
040 _aCRL
040 _beng
040 _cCRL
041 _2eng
041 _aeng
084 _qCRL
100 _aSteve McCarty, Hiroyuki Obari, Takeshi Sato
_91051019
245 0 _aImplementing Mobile Language Learning Technologies in Japan
260 _bSpringer
260 _bSpringer
260 _c2017
856 _uhttps://link.springer.com/openurl?genre=book&isbn=978-981-10-2451-1
942 _cEBOOK
999 _c1616744
_d1616744